Hodnotenie je firemný sviatok

Systémy hodnotenia zamestnancov - čoraz významnejší nástroj pre tvorbu a riadenie firemnej kultúry. Hodnotenie podľa cieľov. Hodnotenie kompetencií. Hodnotenie podľa výkonu. Funkcie hodnotenia pracovníkov.

Na minha lista:
Detalhes bibliográficos
Autor principal: Uriga, Ján
Formato: Capítulo de Livro
Idioma:eslovaco
Assuntos:
Tags: Adicionar Tag
Sem tags, seja o primeiro a adicionar uma tag!

MARC

LEADER 00000naa$a2200000$$$4500
001 0107334
005 20231006123310.9
041 0 |a slo 
044 |a SK 
245 1 0 |a Hodnotenie je firemný sviatok  |c Ján Uriga 
520 |a Systémy hodnotenia zamestnancov - čoraz významnejší nástroj pre tvorbu a riadenie firemnej kultúry. Hodnotenie podľa cieľov. Hodnotenie kompetencií. Hodnotenie podľa výkonu. Funkcie hodnotenia pracovníkov. 
610 2 0 |a zamestnanci 
610 2 0 |a manažéri 
610 2 0 |a hodnotenie pracovníkov 
610 2 0 |a kompetencie 
610 2 0 |a práca 
610 2 0 |a riadenie 
100 1 |a Uriga, Ján